Krukor ute : (Post nr. 56093)
[ visa ren ]
| 000 -LEADER | |
|---|---|
| fixed length control field | 02533cam a2200721 a 4500 |
| 001 - CONTROL NUMBER | |
| control field | 10031321 |
| 003 - CONTROL NUMBER IDENTIFIER | |
| control field | LIBRIS |
| 005 - DATE AND TIME OF LATEST TRANSACTION | |
| control field | 20210224122504.0 |
| 008 - FIXED-LENGTH DATA ELEMENTS--GENERAL INFORMATION | |
| fixed length control field | 051126s2006 sw a||| |00| 0 swe |
| 020 ## - INTERNATIONAL STANDARD BOOK NUMBER | |
| International Standard Book Number | 9171303995 (inb.) |
| 020 ## - INTERNATIONAL STANDARD BOOK NUMBER | |
| International Standard Book Number | 9789171303998 (inb.) |
| 035 ## - SYSTEM CONTROL NUMBER | |
| System control number | (Bo)396855 |
| 035 ## - SYSTEM CONTROL NUMBER | |
| System control number | (Mo)b1640861 |
| 040 ## - CATALOGING SOURCE | |
| Original cataloging agency | LGEN |
| Modifying agency | NB |
| 041 1# - LANGUAGE CODE | |
| Language code of text/sound track or separate title | swe |
| Language code of original | dan |
| 082 04 - DEWEY DECIMAL CLASSIFICATION NUMBER | |
| Classification number | 635.9 |
| Edition number | 22 (machine generated) |
| 084 ## - OTHER CLASSIFICATION NUMBER | |
| Classification number | Qef |
| Number source | kssb/8 |
| 084 ## - OTHER CLASSIFICATION NUMBER | |
| Classification number | Måltidsakademiens biblioteksstiftelse |
| 084 ## - OTHER CLASSIFICATION NUMBER | |
| Classification number | Måltidslitteratur 2007 |
| 084 ## - OTHER CLASSIFICATION NUMBER | |
| Classification number | Kategori: Köksträdgårdslitteratur |
| 084 ## - OTHER CLASSIFICATION NUMBER | |
| Classification number | Qef |
| Number source | kssb/8 |
| 100 1# - MAIN ENTRY--PERSONAL NAME | |
| Personal name | Vembye, Dorthe |
| 240 10 - UNIFORM TITLE | |
| Uniform title | Plantearrangementer til have og terrasse. |
| Language of a work | Svenska |
| 245 10 - TITLE STATEMENT | |
| Title | Krukor ute : |
| Remainder of title | arrangera och kombinera växter i kruka / |
| Statement of responsibility, etc. | Dorthe Vembye ; översättning: Bodil Andersson |
| 260 ## - PUBLICATION, DISTRIBUTION, ETC. | |
| Place of publication, distribution, etc. | Malmö : |
| Name of publisher, distributor, etc. | Damm, |
| Date of publication, distribution, etc. | 2006 |
| Place of manufacture | (Danmark) |
| 300 ## - PHYSICAL DESCRIPTION | |
| Extent | [3], 85, [2] s. : |
| Other physical details | färgill. ; |
| Dimensions | 28 cm |
| 500 ## - GENERAL NOTE | |
| Institution to which field applies | Mo |
| General note | Orig:s titel: Plantearrangementer til have og terrasse (danska) |
| 541 ## - IMMEDIATE SOURCE OF ACQUISITION NOTE | |
| Institution to which field applies | Gma |
| 541 ## - IMMEDIATE SOURCE OF ACQUISITION NOTE | |
| Institution to which field applies | Og |
| 546 ## - LANGUAGE NOTE | |
| Language note | svenska |
| 650 #7 - SUBJECT ADDED ENTRY--TOPICAL TERM | |
| Topical term or geographic name entry element | Prydnadsväxter |
| Source of heading or term | sao |
| Authority record control number or standard number | 239647 |
| 650 #0 - SUBJECT ADDED ENTRY--TOPICAL TERM | |
| Topical term or geographic name entry element | Plants, Ornamental |
| 650 #7 - SUBJECT ADDED ENTRY--TOPICAL TERM | |
| Topical term or geographic name entry element | Prydnadsväxter |
| Source of heading or term | sao |
| 653 ## - INDEX TERM--UNCONTROLLED | |
| Uncontrolled term | Krukväxter |
| 653 ## - INDEX TERM--UNCONTROLLED | |
| Uncontrolled term | Blomsterarrangemang |
| 655 #4 - INDEX TERM--GENRE/FORM | |
| Institution to which field applies | Mo |
| Genre/form data or focus term | Bok |
| 700 1# - ADDED ENTRY--PERSONAL NAME | |
| Personal name | Andersson, Bodil, |
| Dates associated with a name | 1946- |
| Relationship | trl |
| Authority record control number or standard number | 341152 |
| 942 ## - ADDED ENTRY ELEMENTS (KOHA) | |
| Source of classification or shelving scheme | Other/Generic Classification Scheme |
| Koha item type | Bok |
| Withdrawn status | Lost status | Source of classification or shelving scheme | Damaged status | Not for loan | Home library | Current library | Date acquired | Total Checkouts | Full call number | Barcode | Date last seen | Price effective from | Koha item type |
|---|---|---|---|---|---|---|---|---|---|---|---|---|---|
| Other/Generic Classification Scheme | Karlskoga Lasarettsbibliotek | Karlskoga Lasarettsbibliotek | 24/02/2021 | Qe | 890193654767E | 24/02/2021 | 24/02/2021 | Bok |